[Event "Portugal Open 2020"]
[Site "Lisboa POR"]
[Date "2020.01.26"]
[Round "2.77"]
[White "Gaudin, Bruno"]
[Black "Elias, Rúben"]
[Result "0-1"]
[WhiteElo "1515"]
[BlackElo "1837"]
[WhiteFideId "647861"]
[BlackFideId "1906453"]
[WhiteCountry "FRA"]
[BlackCountry "POR"]
[PlyCount "102"]
[EventDate "2020.01.25"]

1. Nf3 d5 2. e4 dxe4 3. Ng5 Nf6 4. d3 Bg4 5. Qd2 exd3 6. Bxd3 e6 7. O-O h6 8.
Nxf7 Kxf7 9. Bg6+ Ke7 10. Qb4+ Qd6 11. Qxb7 Qc6 12. Qb4+ Kd8 13. Qd4+ Bd6 14.
Nc3 Nbd7 15. Be4 Nxe4 16. Qxg7 Be5 17. Qxg4 Nxc3 18. bxc3 Nb6 19. Rd1+ Kc8 20.
Qe2 Rg8 21. g3 Bxc3 22. Rb1 Rb8 23. Bxh6 Nd5 24. h4 Rb6 25. Rb3 Rxb3 26. cxb3 e5
27. Bg5 Bd4 28. Qd3 Nc3 29. Re1 Qd5 30. Qa6+ Kb8 31. Be3 Ne4 32. Qc4 Qxc4 33.
bxc4 Nd6 34. c5 Bxe3 35. Rxe3 Nf5 36. Rxe5 Nxh4 37. Kf1 Ng6 38. Re6 Kb7 39. Ke2
Rg7 40. Kd3 Nf8 41. Rf6 Nh7 42. Rh6 Re7 43. f4 Nf8 44. f5 Rg7 45. Rh3 Rg4 46. f6
Kc6 47. Rh8 Rxg3+ 48. Ke4 Nd7 49. f7 Rg2 50. a4 Rf2 51. Ke3 Rxf7 0-1

[Event "Portugal Open 2020"]
[Site "Lisboa POR"]
[Date "2020.01.26"]
[Round "2.78"]
[White "Pfeiffer, Noah"]
[Black "Palhas, Miguel Brando"]
[Result "0-1"]
[WhiteElo "1825"]
[BlackElo "1490"]
[WhiteFideId "241881"]
[BlackFideId "1961349"]
[WhiteCountry "BEL"]
[BlackCountry "POR"]
[PlyCount "76"]
[EventDate "2020.01.25"]

1. f4 d5 2. Nf3 Bf5 3. b3 Nf6 4. e3 e6 5. Bb2 Nbd7 6. Be2 Be7 7. O-O O-O 8. Ne5
h6 9. Bf3 c5 10. d3 Qc7 11. Nd2 Rac8 12. Qe2 Bd6 13. e4 Bh7 14. Nxd7 Nxd7 15.
exd5 exd5 16. g3 Rfe8 17. Qg2 Nb6 18. Bxd5 Nxd5 19. Qxd5 Re2 20. Rad1 Rce8 21.
Nc4 Bf8 22. Be5 Qc8 23. Rd2 Rd8 24. Qf3 Rxd2 25. Nxd2 b5 26. Ra1 Bf5 27. a4 Bg4
28. Qf2 c4 29. bxc4 bxc4 30. Nxc4 Bc5 31. Ne3 Bxe3 32. Qxe3 Qxc2 33. Qxa7 Bh3
34. Qf2 Qxd3 35. a5 f6 36. Bb2 Qd1+ 37. Qe1 Qf3 38. Qf2 Rd1+ 0-1

[Event "Portugal Open 2020"]
[Site "Lisboa POR"]
[Date "2020.01.26"]
[Round "2.79"]
[White "Vera Cruz, Aguinaldo"]
[Black "Bártolo, Filipe"]
[Result "0-1"]
[WhiteElo "1498"]
[BlackElo "1819"]
[WhiteFideId "23600250"]
[BlackFideId "1942565"]
[WhiteCountry "CPV"]
[BlackCountry "POR"]
[PlyCount "74"]
[EventDate "2020.01.25"]

1. e4 c5 2. Nf3 e6 3. d4 cxd4 4. Nxd4 d6 5. Nc3 Nf6 6. Bd3 Nc6 7. Nxc6 bxc6 8.
Qf3 d5 9. exd5 Nxd5 10. Be4 Be7 11. Nxd5 cxd5 12. Bd3 O-O 13. h4 e5 14. Qg3 e4
15. Be2 f5 16. Bh6 Bf6 17. c3 Kh8 18. Bg5 d4 19. Bxf6 Qxf6 20. cxd4 f4 21. Qc3
Bf5 22. Qc5 Qg6 23. Rh2 f3 24. Bf1 Rac8 25. Qxa7 Rc2 26. Qa3 Rfc8 27. b4 e3 28.
g3 exf2+ 29. Rxf2 Qxg3 30. Qxf3 Re8+ 31. Be2 Rcxe2+ 32. Qxe2 Rxe2+ 33. Kxe2 Qd3+
34. Ke1 Qc3+ 35. Ke2 Bg4+ 36. Kf1 Qxa1+ 37. Kg2 h5 0-1

[Event "Portugal Open 2020"]
[Site "Lisboa POR"]
[Date "2020.01.26"]
[Round "2.80"]
[White "Gomes, José Luis"]
[Black "Corrie, Michael"]
[Result "1-0"]
[WhiteElo "1819"]
[BlackElo "1423"]
[WhiteFideId "1901710"]
[BlackFideId "2631067"]
[WhiteCountry "POR"]
[BlackCountry "CAN"]
[PlyCount "65"]
[EventDate "2020.01.25"]

1. e4 e6 2. Nf3 d5 3. e5 c5 4. b4 c4 5. a3 b5 6. d4 Nc6 7. c3 Be7 8. a4 bxa4 9.
Qxa4 Bd7 10. Qc2 f6 11. Bf4 fxe5 12. Nxe5 Nxe5 13. Bxe5 Bf6 14. Bg3 Ne7 15. Be2
O-O 16. Bd6 a5 17. O-O Be8 18. Bc5 axb4 19. Rxa8 Qxa8 20. Bxb4 Bg6 21. Qb2 Rb8
22. Bg4 Kf7 23. Qe2 Bf5 24. Re1 Rb6 25. Bxf5 Nxf5 26. Bc5 Ra6 27. Nd2 Qc6 28.
Rb1 Be7 29. Qh5+ Kf6 30. Bxe7+ Kxe7 31. Nf3 h6 32. Ne5 Qa8 33. Qf7+ 1-0

[Event "Portugal Open 2020"]
[Site "Lisboa POR"]
[Date "2020.01.26"]
[Round "2.81"]
[White "Correia, Mário Lino"]
[Black "Pina, Tiago"]
[Result "0-1"]
[WhiteElo "1453"]
[BlackElo "1816"]
[WhiteFideId "1967517"]
[BlackFideId "1950673"]
[WhiteCountry "POR"]
[BlackCountry "POR"]
[PlyCount "56"]
[EventDate "2020.01.25"]

1. Nf3 Nf6 2. b3 d5 3. Bb2 e6 4. d3 Be7 5. g3 c5 6. e3 Nc6 7. Bg2 O-O 8. O-O Qc7
9. Nbd2 b5 10. Re1 Bb7 11. a3 Rfd8 12. e4 d4 13. c3 dxc3 14. Bxc3 Rxd3 15. Rc1
Qb6 16. Bf1 Rdd8 17. Qe2 Nd4 18. Bxd4 cxd4 19. Qd3 Bxa3 20. Rcd1 a6 21. Ng5 h6
22. e5 hxg5 23. exf6 gxf6 24. Rb1 Bb4 25. Rec1 Bxd2 26. Qxd2 Rac8 27. Rxc8 Rxc8
28. Qe2 Qc6 0-1

[Event "Portugal Open 2020"]
[Site "Lisboa POR"]
[Date "2020.01.26"]
[Round "2.82"]
[White "Trinkl, Stefan"]
[Black "Heid, Magdalene"]
[Result "1/2-1/2"]
[WhiteElo "1814"]
[BlackElo "1414"]
[WhiteFideId "16250281"]
[BlackFideId "16276957"]
[WhiteCountry "GER"]
[BlackCountry "GER"]
[PlyCount "38"]
[EventDate "2020.01.25"]

1. e4 e6 2. b3 d5 3. Bb2 dxe4 4. Nc3 Nf6 5. Qe2 Be7 6. O-O-O c5 7. Nxe4 O-O 8.
g4 Nxe4 9. Qxe4 Bf6 10. Bg2 Bxb2+ 11. Kxb2 Qf6+ 12. c3 Qxf2 13. Nh3 Qh4 14. Rhf1
e5 15. Nf2 Nc6 16. h3 Be6 17. Qe2 Qe7 18. Be4 a5 19. Bc2 f5 1/2-1/2

[Event "Portugal Open 2020"]
[Site "Lisboa POR"]
[Date "2020.01.26"]
[Round "2.83"]
[White "Costa, Raul"]
[Black "Elias, Benjamim"]
[Result "0-1"]
[WhiteElo "1420"]
[BlackElo "1807"]
[WhiteFideId "1956868"]
[BlackFideId "1903578"]
[WhiteCountry "POR"]
[BlackCountry "POR"]
[PlyCount "78"]
[EventDate "2020.01.25"]

1. e4 d6 2. d4 Nf6 3. Nc3 Nbd7 4. f4 g6 5. Nf3 Bg7 6. Be3 a6 7. a4 b6 8. Bc4 O-O
9. O-O Bb7 10. Qd3 e6 11. Bb3 d5 12. e5 Ne4 13. Ng5 Nxc3 14. Qxc3 Rc8 15. Qd2 h6
16. Nf3 Kh7 17. c3 c5 18. Bc2 a5 19. h4 h5 20. Ng5+ Kg8 21. Rf2 cxd4 22. cxd4
Qe7 23. Qe2 Rc7 24. g4 Rxc2 25. Qxc2 hxg4 26. Kg2 f5 27. Rh1 Rc8 28. Qd1 Bxe5
29. fxe5 Nxe5 30. dxe5 d4+ 31. Kg3 dxe3 32. Re2 Qc5 33. Nxe6 Qxe5+ 34. Nf4 Qe4
35. Rf1 Ba6 36. Nxg6 Bxe2 37. Qxe2 Rc2 38. Ne7+ Kh7 39. Qb5 Rg2# 0-1

[Event "Portugal Open 2020"]
[Site "Lisboa POR"]
[Date "2020.01.26"]
[Round "2.84"]
[White "Avelino, Camila"]
[Black "Tacuchian, Marcelo"]
[Result "1-0"]
[WhiteElo "1802"]
[BlackElo "1363"]
[WhiteFideId "1938975"]
[BlackFideId "1964208"]
[WhiteCountry "POR"]
[BlackCountry "BRA"]
[PlyCount "139"]
[EventDate "2020.01.25"]

1. e4 c6 2. d4 d5 3. exd5 cxd5 4. Bd3 Nc6 5. c3 Nf6 6. Bf4 Bf5 7. Qb3 e5 8. dxe5
Nh5 9. Be3 Nxe5 10. Bb5+ Nc6 11. Nd2 Nf6 12. Ngf3 Bd6 13. h3 Bd7 14. O-O O-O 15.
Nd4 a6 16. Bd3 b5 17. Nxc6 Bxc6 18. Nf3 Qc7 19. Rad1 Rfe8 20. Nd4 Bb7 21. Bb1
Bf4 22. Bxf4 Qxf4 23. Qc2 Rac8 24. Qf5 Qe5 25. Rd3 g6 26. Qxe5 Rxe5 27. Rf3 Ne4
28. Re3 Rce8 29. Rfe1 f6 30. Nf3 R5e7 31. Nd2 f5 32. f3 Rd7 33. fxe4 dxe4 34.
Nb3 Ba8 35. Rd3 Rde7 36. Rd6 Re6 37. Red1 Kg7 38. Rd7+ Kh6 39. Nc5 Re5 40. Nxa6
Bc6 41. R7d6 Bb7 42. Nb4 e3 43. Re1 R8e7 44. Nd3 Rd5 45. Rxd5 Bxd5 46. Nb4 Bf7
47. Bd3 Be8 48. Nd5 Re5 49. Nxe3 Kg5 50. Nc2 Rd5 51. Rxe8 Rxd3 52. Re2 f4 53.
Nd4 b4 54. Nf3+ Kf6 55. cxb4 h5 56. Kf2 Rd5 57. h4 Kf5 58. a4 Rd6 59. b5 Rb6 60.
Re5+ Kf6 61. Rd5 Ke6 62. Rc5 Kf7 63. Rc7+ Kg8 64. Rd7 Kf8 65. Rd5 Kf7 66. a5 Rb8
67. b6 Ke6 68. Rb5 Kd6 69. a6 Kc6 70. a7 1-0

[Event "Portugal Open 2020"]
[Site "Lisboa POR"]
[Date "2020.01.26"]
[Round "2.85"]
[White "Mões Joaquim, Carlos"]
[Black "Curado, Manuel"]
[Result "0-1"]
[WhiteElo "1396"]
[BlackElo "1797"]
[WhiteFideId "1928104"]
[BlackFideId "1905112"]
[WhiteCountry "CPV"]
[BlackCountry "POR"]
[PlyCount "88"]
[EventDate "2020.01.25"]

1. d4 Nf6 2. c4 g6 3. Nc3 Bg7 4. Nf3 O-O 5. e4 d6 6. h3 c6 7. Be2 Nbd7 8. O-O e5
9. d5 Nc5 10. Qc2 a5 11. Be3 cxd5 12. cxd5 b6 13. Nd2 Nfd7 14. a3 a4 15. Nc4 Nb3
16. Rad1 Nd4 17. Bxd4 exd4 18. Nb5 Nc5 19. Ncxd6 Ba6 20. f4 Bxb5 21. Nxb5 Rc8
22. Bc4 Nb3 23. Qd3 Nc5 24. Qd2 Nxe4 25. Qd3 Nc5 26. Qd2 Ne4 27. Qb4 Ng3 28. Rf3
Nf5 29. Ba2 Ne3 30. Rb1 Rc2 31. Rf2 Rxf2 32. Kxf2 Qh4+ 33. Kf3 g5 34. g3 Qxh3
35. Nxd4 gxf4 36. Kxf4 Ng2+ 37. Kf3 Nh4+ 38. Kf2 Qg2+ 39. Ke3 Qxg3+ 40. Kd2 Bxd4
41. Qxa4 Qe3+ 42. Kc2 Rc8+ 43. Bc4 Nf3 44. Rd1 Qe2+ 0-1

[Event "Portugal Open 2020"]
[Site "Lisboa POR"]
[Date "2020.01.26"]
[Round "2.86"]
[White "Terwagne, Bertrand"]
[Black "Florissi, Aldo"]
[Result "1-0"]
[WhiteElo "1796"]
[BlackElo "1351"]
[WhiteFideId "243078"]
[BlackFideId "28513428"]
[WhiteCountry "BEL"]
[BlackCountry "ITA"]
[PlyCount "99"]
[EventDate "2020.01.25"]

1. Nf3 e6 2. d4 d5 3. c4 c5 4. cxd5 Qxd5 5. Nc3 Qd8 6. e4 a6 7. Bf4 cxd4 8. Nxd4
Nc6 9. Nxc6 Qxd1+ 10. Rxd1 bxc6 11. Be2 Bc5 12. O-O Ne7 13. Na4 Ba7 14. Bc7 O-O
15. Nb6 Bxb6 16. Bxb6 Ng6 17. b4 Nf4 18. Bc4 e5 19. Rd6 Bb7 20. Rd7 Bc8 21. Rc7
Rb8 22. Bc5 Rd8 23. Rxf7 Be6 24. Bxe6 Nxe6 25. Ra7 Nxc5 26. bxc5 Ra8 27. Rxa8
Rxa8 28. Rb1 a5 29. Kf1 Rd8 30. Rb6 Rc8 31. Ra6 a4 32. Rxa4 Rb8 33. Ra6 Rb1+ 34.
Ke2 h5 35. g3 Rc1 36. Rxc6 Rc2+ 37. Ke3 Rxa2 38. Re6 Ra3+ 39. Ke2 Ra2+ 40. Kf3
Ra3+ 41. Kg2 Rc3 42. Rxe5 Kf7 43. Rxh5 Kf6 44. Rd5 Ke6 45. f4 g6 46. Rd6+ Kf7
47. c6 g5 48. fxg5 Rc5 49. h4 Ke7 50. Rh6 1-0

[Event "Portugal Open 2020"]
[Site "Lisboa POR"]
[Date "2020.01.26"]
[Round "2.87"]
[White "Maissa, Susana"]
[Black "Santos, Isabel P"]
[Result "0-1"]
[WhiteElo "1361"]
[BlackElo "1782"]
[WhiteFideId "1954202"]
[BlackFideId "1921681"]
[WhiteCountry "POR"]
[BlackCountry "POR"]
[PlyCount "78"]
[EventDate "2020.01.25"]

1. d4 d5 2. Bf4 Nf6 3. Nf3 e6 4. e3 Be7 5. c4 c6 6. Bd3 Nbd7 7. h3 O-O 8. O-O b6
9. Nc3 Bb7 10. cxd5 exd5 11. Rc1 c5 12. Nb5 c4 13. Bb1 a6 14. Nd6 Bc6 15. Nf5 b5
16. Nxe7+ Qxe7 17. Qc2 g6 18. Qe2 Rfe8 19. Bg5 Qd6 20. Bf4 Qxf4 21. Rfe1 Qd6 22.
Bc2 Rac8 23. Qd2 Bb7 24. Bd1 Ne4 25. Qa5 Qc7 26. Qxc7 Rxc7 27. Nh2 f5 28. g4
Ndf6 29. f3 Nd6 30. Kf2 fxg4 31. fxg4 Nfe4+ 32. Kg2 Rf8 33. Nf3 b4 34. Be2 a5
35. Rf1 Rcc8 36. Ne5 Rxf1 37. Rxf1 c3 38. bxc3 Rxc3 39. Kf3 Nd2+ 0-1

[Event "Portugal Open 2020"]
[Site "Lisboa POR"]
[Date "2020.01.26"]
[Round "2.88"]
[White "Fielding, Michael"]
[Black "Costa, Fábio"]
[Result "1-0"]
[WhiteElo "1781"]
[BlackElo "1258"]
[WhiteFideId "447269"]
[BlackFideId "1961063"]
[WhiteCountry "ENG"]
[BlackCountry "POR"]
[PlyCount "75"]
[EventDate "2020.01.25"]

1. e4 c5 2. Nc3 Nc6 3. g3 g6 4. Bg2 Bg7 5. d3 d6 6. Be3 Rb8 7. Qd2 Bd7 8. Nge2
Nd4 9. Rb1 e6 10. O-O h6 11. h3 Ne7 12. f4 Nec6 13. Nd1 O-O 14. c3 Nb5 15. g4
Ne7 16. d4 b6 17. dxc5 dxc5 18. c4 Nc7 19. Ndc3 Bc6 20. Qc2 Qc8 21. Rbd1 f5 22.
Ng3 fxg4 23. hxg4 e5 24. f5 gxf5 25. gxf5 Ne8 26. Qc1 Kh7 27. Nh5 Ng8 28. Rf3
Nef6 29. Nxg7 Kxg7 30. Rg3+ Kh7 31. Rg6 Rf7 32. Nd5 Bxd5 33. cxd5 Rg7 34. Bxh6
Rxg6 35. fxg6+ Kxg6 36. Qg5+ Kf7 37. Qg7+ Ke8 38. Qf8+ 1-0

[Event "Portugal Open 2020"]
[Site "Lisboa POR"]
[Date "2020.01.26"]
[Round "2.89"]
[White "Fonseca, René Gil"]
[Black "Chávez Dulce, Angie"]
[Result "0-1"]
[WhiteElo "1332"]
[BlackElo "1771"]
[WhiteFideId "1957767"]
[BlackFideId "4407059"]
[WhiteCountry "POR"]
[BlackCountry "COL"]
[PlyCount "90"]
[EventDate "2020.01.25"]

1. e4 e5 2. Nf3 Nc6 3. Bb5 a6 4. Bxc6 dxc6 5. O-O Bg4 6. h3 h5 7. c3 Bc5 8. d3
Bxf3 9. Qxf3 Qf6 10. Nd2 O-O-O 11. Qxf6 Nxf6 12. Nb3 Bb6 13. Rd1 Nxe4 14. Be3
Bxe3 15. fxe3 Ng3 16. Rd2 b6 17. Rad1 c5 18. Nc1 h4 19. Ne2 Nxe2+ 20. Rxe2 Rh6
21. Rf2 Rd7 22. Rf5 f6 23. Rf2 Rh8 24. Rfd2 Rhd8 25. Kf2 e4 26. Ke2 exd3+ 27.
Rxd3 Rxd3 28. Rxd3 Rxd3 29. Kxd3 Kd7 30. e4 Ke6 31. c4 Ke5 32. Ke3 c6 33. b3 a5
34. a4 g6 35. Kf3 Kd4 36. Kf4 Kd3 37. Kf3 g5 38. g4 hxg3 39. Kxg3 Kxe4 40. Kg2
Ke3 41. Kg1 Kf3 42. Kh2 f5 43. h4 gxh4 44. Kh3 f4 45. Kxh4 Ke2 0-1

[Event "Portugal Open 2020"]
[Site "Lisboa POR"]
[Date "2020.01.26"]
[Round "2.90"]
[White "Lança, Luis"]
[Black "Aguiar, Carlos"]
[Result "0-1"]
[WhiteElo "1281"]
[BlackElo "1764"]
[WhiteFideId "1936450"]
[BlackFideId "1902571"]
[WhiteCountry "POR"]
[BlackCountry "POR"]
[PlyCount "62"]
[EventDate "2020.01.25"]

1. e4 e6 2. d4 c5 3. Nf3 cxd4 4. Nxd4 a6 5. Nc3 Qc7 6. Nf3 Nc6 7. g3 Nf6 8. Bg2
Be7 9. O-O d6 10. Bf4 O-O 11. Re1 Ne5 12. Qe2 b5 13. a3 Bb7 14. Nxe5 dxe5 15.
Be3 Rfd8 16. Rad1 Rac8 17. Rxd8+ Rxd8 18. f4 exf4 19. Bxf4 Bc5+ 20. Kh1 Qe7 21.
e5 Bxg2+ 22. Kxg2 Nd5 23. Qf3 Nxc3 24. Qxc3 Bd4 25. Qb3 Qb7+ 26. Kh3 h6 27. Rd1
g5 28. Be3 Bb6 29. Rxd8+ Bxd8 30. Qc3 Qf3 31. Bd4 g4# 0-1

[Event "Portugal Open 2020"]
[Site "Lisboa POR"]
[Date "2020.01.26"]
[Round "2.91"]
[White "Zilles, Paul"]
[Black "Rosa, José"]
[Result "1-0"]
[WhiteElo "1761"]
[BlackElo "1224"]
[WhiteFideId "205990"]
[BlackFideId "1961977"]
[WhiteCountry "BEL"]
[BlackCountry "POR"]
[PlyCount "31"]
[EventDate "2020.01.25"]

1. b4 e5 2. Bb2 Nc6 3. b5 Na5 4. Bxe5 Nc4 5. Bc3 Bc5 6. Bxg7 Qh4 7. e3 Nd6 8.
Nf3 Qe4 9. Bxh8 Nf5 10. Bd3 Qe6 11. Bxf5 Qxf5 12. d4 Bb4+ 13. c3 Ba5 14. O-O
Qxb5 15. Qb3 Qe2 16. Ne5 1-0

[Event "Portugal Open 2020"]
[Site "Lisboa POR"]
[Date "2020.01.26"]
[Round "2.92"]
[White "Artozqui Irurzun, Ernesto"]
[Black "Barreiros, Cilauro"]
[Result "0-1"]
[WhiteElo "1241"]
[BlackElo "1759"]
[WhiteFideId "54581826"]
[BlackFideId "1907018"]
[WhiteCountry "ESP"]
[BlackCountry "POR"]
[PlyCount "100"]
[EventDate "2020.01.25"]

1. c4 c6 2. e4 e5 3. Nc3 Bb4 4. Nge2 Nf6 5. g3 O-O 6. Bg2 d6 7. O-O Bxc3 8. Nxc3
Be6 9. d3 Na6 10. Bg5 h6 11. Bxf6 Qxf6 12. f4 exf4 13. Rxf4 Qd4+ 14. Kh1 Nc5 15.
Bf1 g5 16. Ne2 Qe3 17. Rf6 Nxd3 18. Kg2 Qxe4+ 19. Kg1 Kg7 20. Rxe6 fxe6 21. Nc3
Qe3+ 22. Kg2 Qf2+ 23. Kh3 Qf5+ 24. Kg2 Nf2 25. Qd4+ e5 26. Qe3 Ng4 27. Qe2 Qf2+
28. Qxf2 Rxf2+ 29. Kg1 Raf8 30. Re1 Rxb2 31. Re2 Rxe2 32. Bxe2 Nf6 33. Kg2 e4
34. h3 Rd8 35. g4 a6 36. Kg3 Kg6 37. h4 gxh4+ 38. Kxh4 d5 39. Kg3 d4 40. Nd1 Kg5
41. Nf2 d3 42. Nh3+ Kg6 43. Bd1 e3 44. Kf3 e2 45. Nf4+ Kf7 46. Bxe2 dxe2 47.
Nxe2 Rd2 48. a4 Rxe2 49. Kxe2 Nxg4 50. Kf3 Ne5+ 0-1

[Event "Portugal Open 2020"]
[Site "Lisboa POR"]
[Date "2020.01.26"]
[Round "2.93"]
[White "Gonçalves, Samuel"]
[Black "Antunes, Ana"]
[Result "1-0"]
[WhiteElo "1758"]
[BlackElo "1215"]
[WhiteFideId "1945130"]
[BlackFideId "1936310"]
[WhiteCountry "POR"]
[BlackCountry "POR"]
[PlyCount "61"]
[EventDate "2020.01.25"]

1. e4 e5 2. Nf3 Nc6 3. d4 exd4 4. Nxd4 Bc5 5. Nxc6 bxc6 6. Bd3 Nf6 7. Nd2 O-O 8.
O-O Re8 9. b3 Bd4 10. Rb1 d6 11. h3 Nd7 12. Nf3 Bc3 13. Bc4 h6 14. Qd3 Qf6 15.
Be3 c5 16. Bd5 Rb8 17. a3 Bb7 18. b4 Bb2 19. bxc5 Nxc5 20. Bxc5 dxc5 21. e5 Qd8
22. Bxf7+ Kxf7 23. Qf5+ Kg8 24. Rxb2 Qe7 25. Rfb1 Rf8 26. Qg6 c6 27. Nd2 Qc7 28.
Ne4 Ba8 29. Rxb8 Rxb8 30. Rxb8+ Qxb8 31. Nf6+ 1-0

[Event "Portugal Open 2020"]
[Site "Lisboa POR"]
[Date "2020.01.26"]
[Round "2.94"]
[White "Bártolo, Diogo"]
[Black "Guerreiro, Paulo"]
[Result "0-1"]
[WhiteElo "1216"]
[BlackElo "1757"]
[WhiteFideId "1946757"]
[BlackFideId "1902105"]
[WhiteCountry "POR"]
[BlackCountry "POR"]
[PlyCount "36"]
[EventDate "2020.01.25"]

1. e4 c5 2. Nf3 Nc6 3. d4 cxd4 4. Nxd4 g6 5. Nxc6 bxc6 6. Qd4 Nf6 7. e5 Nd5 8.
e6 Nf6 9. exf7+ Kxf7 10. Qh4 Bg7 11. Bh6 Qa5+ 12. Nc3 d5 13. b4 Qc7 14. Bf4 e5
15. Bg3 Nh5 16. Be2 Bf6 17. Bxe5 Qxe5 18. f4 Bxh4+ 0-1

[Event "Portugal Open 2020"]
[Site "Lisboa POR"]
[Date "2020.01.26"]
[Round "2.95"]
[White "Gama, João Tiago"]
[Black "Montero Montero, Juan José"]
[Result "0-1"]
[WhiteElo "1214"]
[BlackElo "1744"]
[WhiteFideId "1961160"]
[BlackFideId "22202080"]
[BlackTitle " "]
[WhiteCountry "POR"]
[BlackCountry "ESP"]
[PlyCount "46"]
[EventDate "2020.01.25"]

1. e4 Nf6 2. e5 Nd5 3. d4 d6 4. Nf3 g6 5. Be2 Bg7 6. O-O O-O 7. Re1 Nc6 8. c4
Nb6 9. exd6 cxd6 10. Be3 Bg4 11. b3 e5 12. Nxe5 dxe5 13. Bxg4 exd4 14. Bd2 d3
15. Nc3 Nb4 16. Rc1 Nc2 17. Rxc2 dxc2 18. Qxc2 Qd4 19. Bf3 Rad8 20. Rd1 Rfe8 21.
Bxb7 Qxd2 22. Qxd2 Rxd2 23. Rc1 Bxc3 0-1

[Event "Portugal Open 2020"]
[Site "Lisboa POR"]
[Date "2020.01.26"]
[Round "2.96"]
[White "Batista, Sandro"]
[Black "Dias, Leonardo Ribeiro"]
[Result "0-1"]
[WhiteElo "1741"]
[BlackElo "1113"]
[WhiteFideId "1908561"]
[BlackFideId "1949845"]
[WhiteCountry "POR"]
[BlackCountry "POR"]
[PlyCount "48"]
[EventDate "2020.01.25"]

1. e4 c5 2. Nc3 Nc6 3. Nge2 g6 4. d4 cxd4 5. Nxd4 Bg7 6. Be3 Nf6 7. f3 O-O 8.
Qd2 d5 9. Nxc6 bxc6 10. exd5 cxd5 11. Be2 Bb7 12. O-O Nh5 13. f4 d4 14. Rad1
dxc3 15. Qe1 Qc7 16. Bxh5 gxh5 17. bxc3 Qxc3 18. Qg3 Rad8 19. Rb1 Ba6 20. Rf3
Qxc2 21. Qe1 Bc3 22. Rc1 Bxe1 23. Rxc2 Rd1 24. g3 Bb4+ 0-1

[Event "Portugal Open 2020"]
[Site "Lisboa POR"]
[Date "2020.01.26"]
[Round "2.97"]
[White "Clemente, António J"]
[Black "Dias, António"]
[Result "0-1"]
[WhiteElo "1163"]
[BlackElo "1732"]
[WhiteFideId "1961799"]
[BlackFideId "1928040"]
[WhiteCountry "POR"]
[BlackCountry "POR"]
[PlyCount "138"]
[EventDate "2020.01.25"]

1. e4 Nf6 2. d3 e5 3. Nd2 Nc6 4. Ngf3 b5 5. g3 Bc5 6. Bg2 O-O 7. O-O d5 8. Re1
d4 9. a3 a5 10. Nf1 h6 11. h3 Be6 12. N1h2 Bd6 13. Nh4 Ne7 14. Rf1 g5 15. Nf5
Nxf5 16. exf5 Bd5 17. Bxd5 Nxd5 18. Qh5 Kg7 19. Qf3 Be7 20. h4 Rh8 21. Ng4 f6
22. Bd2 h5 23. Nh2 g4 24. Nxg4 hxg4 25. Qxg4+ Kf8 26. Qg6 Qe8 27. Bh6+ Rxh6 28.
Qxh6+ Kg8 29. Qg6+ Qxg6 30. fxg6 Kg7 31. h5 f5 32. Kg2 Bg5 33. Rh1 Nf6 34. f3
Kh6 35. Rae1 Be3 36. Rh4 c5 37. g4 Bg5 38. Kg3 f4+ 39. Kh3 Re8 40. g7 Kxg7 41.
h6+ Bxh6 42. Kg2 Bg5 43. Rh2 c4 44. b3 Nd5 45. Re2 Ne3+ 46. Kg1 cxd3 47. cxd3
Rc8 48. Rh5 Rc1+ 49. Kh2 Bf6 50. g5 Kg6 51. Rh6+ Kxg5 52. Rh8 Rc3 53. Ra8 Rxd3
54. Rxa5 Rxb3 55. a4 bxa4 56. Rxa4 Kf5 57. Rea2 d3 58. Kh3 Nc2 59. Rxf4+ Kxf4
60. Ra4+ Nd4 61. Ra2 Nxf3 62. Ra4+ e4 63. Ra6 Be5 64. Ra8 d2 65. Rf8+ Ke3 66.
Rd8 Nd4 67. Kh4 d1=Q 68. Rg8 Kf4 69. Rg3 Nf5+ 0-1

[Event "Portugal Open 2020"]
[Site "Lisboa POR"]
[Date "2020.01.26"]
[Round "2.98"]
[White "Barrento, Jorge"]
[Black "Moura, Miguel"]
[Result "1-0"]
[WhiteElo "1715"]
[BlackElo "1029"]
[WhiteFideId "1906500"]
[BlackFideId "1963430"]
[WhiteCountry "POR"]
[BlackCountry "POR"]
[PlyCount "113"]
[EventDate "2020.01.25"]

1. g4 e5 2. d4 exd4 3. Qxd4 Nc6 4. Qe3+ Qe7 5. Bg2 Qxe3 6. Bxe3 d6 7. h3 Be7 8.
Nc3 h6 9. Nd5 Bd8 10. O-O-O Be6 11. Nf3 Bf6 12. Nxc7+ Kd7 13. Nxa8 Nge7 14. Nd4
Rxa8 15. Nxe6 fxe6 16. Bc5 Be5 17. e3 Ke8 18. Bxd6 Bf6 19. e4 Ng6 20. Bg3 Rc8
21. c3 b5 22. f4 b4 23. e5 Bh4 24. Bxh4 Nxh4 25. Bxc6+ Rxc6 26. Rd6 Rc4 27. Rd4
Rxd4 28. cxd4 Nf3 29. Rd1 Kd7 30. Kc2 Kc6 31. Kd3 Kd5 32. Ke3 Nh4 33. Rc1 Ng2+
34. Kf2 Nxf4 35. Ke3 Ng2+ 36. Kf3 Nh4+ 37. Kg3 Ng6 38. Rd1 Ne7 39. h4 Nc6 40.
Kf4 g5+ 41. hxg5 hxg5+ 42. Kxg5 Nxd4 43. Kf6 Ke4 44. Rxd4+ Kxd4 45. g5 Kd3 46.
g6 Kc2 47. b3 Kb2 48. g7 Kxa2 49. g8=Q Kxb3 50. Qxe6+ Kc3 51. Qc6+ Kb2 52. Qg2+
Ka3 53. e6 a5 54. e7 b3 55. e8=Q b2 56. Qc2 b1=Q 57. Qea4# 1-0

[Event "Portugal Open 2020"]
[Site "Lisboa POR"]
[Date "2020.01.26"]
[Round "2.99"]
[White "Guedes, Rui Pedro"]
[Black "García Ortega, Manuel"]
[Result "0-1"]
[WhiteElo "1109"]
[BlackElo "1705"]
[WhiteFideId "1916084"]
[BlackFideId "2227533"]
[WhiteCountry "POR"]
[BlackCountry "ESP"]
[PlyCount "86"]
[EventDate "2020.01.25"]

1. c4 g6 2. d4 Bg7 3. Nf3 c5 4. d5 b5 5. e4 Qa5+ 6. Bd2 b4 7. Be2 Bxb2 8. O-O
Bxa1 9. Qb3 Bg7 10. Bf4 d6 11. Nbd2 Nd7 12. Bd3 Ngf6 13. Re1 O-O 14. e5 Nh5 15.
Bg5 dxe5 16. Bxe7 Re8 17. Bg5 f6 18. Be3 f5 19. Nf1 e4 20. Bxe4 fxe4 21. N3d2
Qa3 22. Qxa3 bxa3 23. Nb3 Bf8 24. Nfd2 Nhf6 25. Bg5 h6 26. Be3 Ba6 27. Rb1 Ng4
28. Bf4 g5 29. Bc7 Rac8 30. Ba5 e3 31. fxe3 Nxe3 32. Rc1 Ne5 33. Bc3 N5xc4 34.
Nf3 Nxd5 35. Ba1 Nb4 36. Rd1 Nb2 37. Rd2 Re2 38. Rd7 Re7 39. Rd6 Re1+ 40. Nxe1
Bxd6 41. Nd2 Nxa2 42. h3 Rf8 43. Kh1 Rf1+ 0-1

[Event "Portugal Open 2020"]
[Site "Lisboa POR"]
[Date "2020.01.26"]
[Round "2.101"]
[White "Ferreira, Cristina"]
[Black "Asvestopoulou, Evdokia"]
[Result "0-1"]
[WhiteElo "1011"]
[BlackElo "1688"]
[WhiteFideId "1963082"]
[BlackFideId "4219198"]
[WhiteCountry "POR"]
[BlackCountry "GRE"]
[PlyCount "60"]
[EventDate "2020.01.25"]

1. d4 Nf6 2. c4 e6 3. Nc3 Bb4 4. Bd2 b6 5. e4 O-O 6. e5 Ne8 7. Bd3 Bb7 8. Nf3 d6
9. Qc2 g6 10. Be4 Bxe4 11. Qxe4 Nd7 12. a3 Bxc3 13. Bxc3 dxe5 14. O-O Nd6 15.
Qd3 e4 16. Qe3 exf3 17. Qxf3 Nxc4 18. Rad1 Nd6 19. Bb4 Nf6 20. d5 Nxd5 21. Bd2
Qf6 22. Bh6 Qxf3 23. gxf3 Rfd8 24. Bg5 Rd7 25. f4 c5 26. Rfe1 c4 27. Rd2 Rc8 28.
Rc2 Nf5 29. Rd1 Rdc7 30. Rdc1 h6 0-1

[Event "Portugal Open 2020"]
[Site "Lisboa POR"]
[Date "2020.01.26"]
[Round "3.1"]
[White "Alshameary Puente, Ismael"]
[Black "Motylev, Alexander"]
[Result "1/2-1/2"]
[WhiteElo "2385"]
[BlackElo "2640"]
[WhiteFideId "2225166"]
[BlackFideId "4121830"]
[WhiteTitle "IM"]
[BlackTitle "GM"]
[WhiteCountry "ESP"]
[BlackCountry "RUS"]
[PlyCount "30"]
[EventDate "2020.??.??"]

1. d4 Nf6 2. c4 e6 3. Nf3 d5 4. Nc3 Be7 5. Bg5 O-O 6. e3 Nbd7 7. Qc2 h6 8. Bh4
c6 9. Rd1 a6 10. a3 b5 11. c5 Re8 12. Bg3 Nh5 13. Be5 Nhf6 14. Bg3 Nh5 15. Be5
Nhf6 1/2-1/2